[Event "SportAccord Mind Games (Blindfold, Women)"]
[Site "Beijing CHN"]
[Date "2011.12.15"]
[EventDate "2011.12.14"]
[Round "3"]
[Result "0-1"]
[White "Anna Muzychuk"]
[Black "Anna Zatonskih"]
[WhiteElo "2562"]
[BlackElo "2506"]
[PlyCount "146"]

1. e4 e6 2. d4 d5 3. Nc3 Nf6 4. Bg5 dxe4 5. Nxe4 Nbd7 6. Nf3
h6 7. Nxf6+ Nxf6 8. Bh4 c5 9. Ne5 a6 10. dxc5 Qa5+ 11. c3 Qxc5
12. Bg3 Be7 13. Bd3 b5 14. Qf3 Ra7 15. Qc6+ Bd7 16. Qxc5 Bxc5
17. Ke2 Nh5 18. Nxd7 Nxg3+ 19. hxg3 Rxd7 20. a4 Ke7 21. axb5
Rhd8 22. Rhd1 axb5 23. f3 b4 24. Ra5 Bd6 25. Bb5 Rc7 26. cxb4
Rc2+ 27. Kf1 Rxb2 28. Ra7+ Kf6 29. Ra4 Rb8 30. Rxd6 Rxb5
31. Rd4 Re5 32. Rf4+ Kg6 33. Ra7 Rd5 34. Rg4+ Kh7 35. Re4 Rd1+
36. Re1 Rdd2 37. Rxf7 Rf2+ 38. Kg1 Rxg2+ 39. Kh1 Rxg3 40. Rxe6
Rxb4 41. Kh2 Rg5 42. Kh3 Rb1 43. Kh2 Rb2+ 44. Kh3 Rbg2 45. Re4
R5g3+ 46. Kh4 Rg6 47. Rg4 Rg1 48. Ra7 Rh1+ 49. Kg3 Rg1+
50. Kh4 Rf1 51. Kg3 Rd1 52. Rb7 Rd3 53. Rxg6 Kxg6 54. Ra7 Rd6
55. Kg4 Kf6 56. f4 g6 57. Ra8 h5+ 58. Kg3 Rd3+ 59. Kh4 Rf3
60. Ra6+ Kf5 61. Ra5+ Kxf4 62. Ra6 g5+ 63. Kxh5 Rh3+ 64. Kg6
g4 65. Ra4+ Kf3 66. Kg5 g3 67. Ra3+ Kg2 68. Ra2+ Kh1 69. Kg4
g2 70. Kxh3 g1=Q 71. Ra4 Qf1+ 72. Kh4 Qe1+ 73. Kh5 Qe8+ 0-1

[Event "SportAccord Mind Games (Blindfold, Women)"]
[Site "Beijing CHN"]
[Date "2011.12.15"]
[EventDate "2011.12.14"]
[Round "4"]
[Result "0-1"]
[White "Anna Zatonskih"]
[Black "Yelena Dembo"]
[WhiteElo "2506"]
[BlackElo "2468"]
[PlyCount "74"]

1. d4 Nf6 2. Nf3 g6 3. g3 Bg7 4. Bg2 O-O 5. O-O d6 6. b3 Nbd7
7. Bb2 e5 8. dxe5 Ng4 9. c4 Ngxe5 10. Nxe5 Nxe5 11. Qd2 f5
12. Nc3 Rb8 13. Rad1 b6 14. Nd5 Be6 15. Qc1 a5 16. Nf4 Bf7
17. Qa1 Qe7 18. Rfe1 g5 19. Nh3 f4 20. gxf4 gxf4 21. Nxf4 Qh4
22. e3 Bf6 23. h3 Kh8 24. Kh1 Rg8 25. Rg1 Qxf2 26. Nd3 Qxe3
27. Nxe5 dxe5 28. Rdf1 Rg3 29. Kh2 Be6 30. Rf3 Rxf3 31. Bxf3
Qxf3 32. Rg3 Qf2+ 33. Rg2 Qf4+ 34. Kg1 Bxh3 35. Bc1 Qf3
36. Rg5 Re8 37. Qc3 Qxc3 0-1

[Event "SportAccord Mind Games (Blindfold, Women)"]
[Site "Beijing CHN"]
[Date "2011.12.16"]
[EventDate "2011.12.14"]
[Round "6"]
[Result "1-0"]
[White "Anna Zatonskih"]
[Black "Monika (Bobrowska) Socko"]
[WhiteElo "2506"]
[BlackElo "2479"]
[PlyCount "115"]

1. e4 e6 2. d4 d5 3. Nd2 Nf6 4. e5 Nfd7 5. f4 c5 6. Ndf3 Nc6
7. Ne2 Be7 8. c3 O-O 9. g3 f5 10. Bg2 b5 11. O-O Nb6 12. Kh1
a5 13. a3 Bd7 14. dxc5 Bxc5 15. Ned4 Nxd4 16. Nxd4 Nc4 17. b3
Nb6 18. Be3 Qe7 19. Qe2 b4 20. axb4 axb4 21. cxb4 Bxd4
22. Bxd4 Qxb4 23. Qe3 Rxa1 24. Rxa1 Ra8 25. Rc1 Rc8 26. Rxc8+
Nxc8 27. h3 Qb5 28. Bc5 Bc6 29. Kh2 Qa6 30. b4 Qa2 31. Qf2
Qxf2 32. Bxf2 Bb5 33. Bc5 Kf7 34. g4 g6 35. Kg3 Ne7 36. Bf3
Bc4 37. Kf2 Nc6 38. Bd1 Bb5 39. Bf3 Bc4 40. gxf5 exf5 41. Be2
Bxe2 42. Kxe2 Ke6 43. b5 Na5 44. b6 g5 45. fxg5 Kxe5 46. Kf3
d4 47. h4 d3 48. Bb4 Nc6 49. b7 f4 50. Bd2 Kd4 51. Kxf4 Kc5
52. h5 Kb6 53. g6 hxg6 54. h6 g5+ 55. Kg3 Kxb7 56. h7 Kb6
57. h8=Q Kc5 58. Qc3+ 1-0

[Event "Tradewise Gibraltar"]
[Site "Catalan Bay GIB"]
[Date "2012.01.24"]
[EventDate "2012.01.24"]
[Round "1.48"]
[Result "1-0"]
[White "Anna Zatonskih"]
[Black "Gerald Loew"]
[WhiteElo "2506"]
[BlackElo "2251"]
[PlyCount "149"]

1. d4 Nf6 2. Nf3 g6 3. Nc3 d5 4. Bf4 Bg7 5. e3 O-O 6. Be2 c5
7. Ne5 cxd4 8. exd4 Qb6 9. O-O Nc6 10. Nxc6 Qxc6 11. Re1 a6
12. Bf3 Re8 13. Be5 Be6 14. Ne2 Bg4 15. Bxg4 Nxg4 16. Bxg7
Kxg7 17. Nf4 Nf6 18. c3 a5 19. a3 e6 20. Qf3 h6 21. Rad1 Qd6
22. Re2 Re7 23. Rde1 Rae8 24. Qg3 Qa6 25. h4 Kh7 26. Qf3 Kg7
27. Qh3 Qd6 28. Qg3 Qa6 29. Qf3 Qd6 30. Nd3 Nd7 31. Nf4 Nf6
32. Qg3 Qa6 33. Nd3 Ne4 34. Qe3 Qd6 35. h5 g5 36. Ne5 Nf6
37. g4 Nd7 38. f4 f6 39. Nxd7 Rxd7 40. Qd3 Qxf4 41. Qg6+ Kf8
42. Rf1 Qg3+ 43. Rg2 Qe3+ 44. Kh2 Rf7 45. Rxf6 Re7 46. Qxh6+
Ke8 47. Qg6 Kf8 48. h6 Rxf6 49. Qxf6+ Ke8 50. Rf2 Kd7 51. Qf3
Qe1 52. Kg2 Qb1 53. Qe2 b6 54. Qe5 Qg6 55. Qf6 Qe4+ 56. Qf3
Qg6 57. c4 Qxh6 58. cxd5 exd5 59. Qxd5+ Qd6 60. Qxg5 Kc7
61. Qf4 Qxf4 62. Rxf4 Re2+ 63. Rf2 Re4 64. Kh3 Rxd4 65. Kh4
Kd7 66. Kh5 Ke7 67. g5 Rd1 68. g6 Rh1+ 69. Kg5 b5 70. g7 b4
71. axb4 axb4 72. Kg6 Rg1+ 73. Kh7 Rh1+ 74. Kg8 b3 75. Rf3 1-0

[Event "Tradewise Gibraltar"]
[Site "Catalan Bay GIB"]
[Date "2012.01.26"]
[EventDate "2012.01.24"]
[Round "3.26"]
[Result "1-0"]
[White "Anna Zatonskih"]
[Black "Sandu Ungureanu"]
[WhiteElo "2506"]
[BlackElo "2039"]
[PlyCount "39"]

1. d4 c5 2. d5 e5 3. e4 d6 4. Bb5+ Bd7 5. a4 Bxb5 6. axb5 a5
7. Ne2 Qd7 8. Qd3 Ne7 9. Na3 b6 10. O-O g6 11. f4 Bg7 12. fxe5
dxe5 13. Nc4 Nc8 14. Nc3 O-O 15. d6 Ra7 16. Bg5 f6 17. Bh4 Qe6
18. Nd5 Rb7 19. Nc7 Qd7 20. Qd5+ 1-0

[Event "Tradewise Gibraltar"]
[Site "Catalan Bay GIB"]
[Date "2012.01.28"]
[EventDate "2012.01.24"]
[Round "5.37"]
[Result "1-0"]
[White "Anna Zatonskih"]
[Black "Juan Antonio Urbina Perez"]
[WhiteElo "2506"]
[BlackElo "2210"]
[PlyCount "61"]

1. d4 d5 2. c4 c6 3. Nf3 Nf6 4. Qc2 e6 5. g3 Bb4+ 6. Nbd2 b6
7. Bg2 Ba6 8. b3 Ne4 9. O-O f5 10. Rd1 O-O 11. Ne5 Qf6
12. Ndf3 Bd6 13. Bb2 Bb7 14. c5 Bc7 15. b4 f4 16. Rf1 Ng5
17. Nxg5 Qxg5 18. Bc1 bxc5 19. Bxf4 Rxf4 20. gxf4 Qxf4 21. e3
Qh4 22. bxc5 Ba6 23. Rfe1 Nd7 24. f4 Nf6 25. Qf2 Qh6 26. Nxc6
Rf8 27. Ne5 Kh8 28. Qg3 g6 29. Qh3 Nh5 30. Qxe6 Bc8 31. Qxd5
1-0

[Event "Tradewise Gibraltar"]
[Site "Catalan Bay GIB"]
[Date "2012.01.29"]
[EventDate "2012.01.24"]
[Round "6.14"]
[Result "1-0"]
[White "Sergei Movsesian"]
[Black "Anna Zatonskih"]
[WhiteElo "2700"]
[BlackElo "2506"]
[PlyCount "81"]

1. e4 e6 2. d4 d5 3. Nc3 Nf6 4. e5 Nfd7 5. f4 c5 6. Nf3 Nc6
7. Be3 Qb6 8. Na4 Qa5+ 9. c3 b6 10. Bd2 c4 11. b4 Nxb4
12. cxb4 Bxb4 13. Qc2 Bxd2+ 14. Nxd2 b5 15. Nc3 b4 16. Nd1 Qb6
17. Nf3 a5 18. Be2 O-O 19. O-O Ba6 20. Nf2 Rfc8 21. Rab1 Rab8
22. Rfc1 h6 23. g4 c3 24. Bxa6 Qxa6 25. g5 h5 26. g6 fxg6
27. Qxg6 Nf8 28. Qxh5 c2 29. Ra1 Rc3 30. Ng5 Qa7 31. Kg2 Qxd4
32. Qf7+ Kh8 33. Rg1 a4 34. Raf1 Rbc8 35. Kh1 R3c7 36. Qh5+
Kg8 37. Ng4 c1=Q 38. Nf6+ gxf6 39. Rxc1 Rxc1 40. Qf7+ Kh8
41. Qh7+ 1-0

[Event "Tradewise Gibraltar"]
[Site "Catalan Bay GIB"]
[Date "2012.01.30"]
[EventDate "2012.01.24"]
[Round "7.36"]
[Result "0-1"]
[White "Anna Zatonskih"]
[Black "Soumya Swaminathan"]
[WhiteElo "2506"]
[BlackElo "2280"]
[PlyCount "80"]

1. Nf3 Nf6 2. c4 g6 3. Nc3 d5 4. cxd5 Nxd5 5. Qa4+ Bd7 6. Qb3
Nb6 7. d4 Bg7 8. e4 O-O 9. Be3 a5 10. a4 Nc6 11. Rd1 Bg4
12. d5 Ne5 13. Be2 Nxf3+ 14. gxf3 Bh3 15. Rg1 Qd6 16. Nb5 Qxh2
17. Rg3 Rac8 18. f4 Bg2 19. Bg4 Bxe4 20. Bxc8 Rxc8 21. Bxb6
cxb6 22. Nc3 Bf5 23. Qxb6 h5 24. d6 exd6 25. Rxd6 Re8+ 26. Ne2
Qh1+ 27. Kd2 Qb1 28. Re3 Rc8 29. Rd8+ Rxd8+ 30. Qxd8+ Kh7
31. Qxa5 Qxb2+ 32. Ke1 Qb1+ 33. Kd2 Bf8 34. Qc7 Bb4+ 35. Nc3
Qc2+ 36. Ke1 Bd3 37. Qxf7+ Kh6 38. Rxd3 Qxd3 39. f3 Qxc3+
40. Kf2 Qe1+ 0-1

[Event "Tradewise Gibraltar"]
[Site "Catalan Bay GIB"]
[Date "2012.01.31"]
[EventDate "2012.01.24"]
[Round "8.58"]
[Result "0-1"]
[White "Shawn P Tavares"]
[Black "Anna Zatonskih"]
[WhiteElo "2218"]
[BlackElo "2506"]
[PlyCount "58"]

1. e4 e6 2. d4 d5 3. Nc3 Nf6 4. e5 Nfd7 5. f4 c5 6. Nf3 Nc6
7. Be3 Be7 8. Qd2 O-O 9. dxc5 Nxc5 10. O-O-O a6 11. Nd4 Bd7
12. g4 Rc8 13. Kb1 b5 14. Nxc6 Bxc6 15. Bd4 b4 16. Ne2 Ne4
17. Qe3 Ba4 18. Rc1 Qc7 19. c3 b3 20. Ng3 bxa2+ 21. Ka1 Nc5
22. Bd3 Nb3+ 23. Kxa2 Nxc1+ 24. Rxc1 Rb8 25. b4 Bb5 26. f5
Bxd3 27. f6 Qc4+ 28. Ka1 Bxb4 29. cxb4 Qxb4 0-1

[Event "Tradewise Gibraltar"]
[Site "Catalan Bay GIB"]
[Date "2012.02.01"]
[EventDate "2012.01.24"]
[Round "9.38"]
[Result "1-0"]
[White "Anna Zatonskih"]
[Black "Andre Oberhofer"]
[WhiteElo "2506"]
[BlackElo "2299"]
[PlyCount "69"]

1. d4 Nf6 2. c4 e6 3. Nf3 b6 4. g3 Bb4+ 5. Bd2 Bxd2+ 6. Nbxd2
Bb7 7. Bg2 O-O 8. O-O d6 9. Qc2 Nbd7 10. Rfe1 Qe7 11. Rac1
Rfe8 12. a3 g6 13. e4 e5 14. d5 Rf8 15. Nb1 Nh5 16. Nc3 Ng7
17. Nh4 Nf6 18. Bf1 Nfh5 19. Be2 Bc8 20. b4 Nf4 21. c5 f5
22. cxd6 cxd6 23. Bf1 Bd7 24. Qd2 Nfh5 25. exf5 gxf5 26. Bb5
Bxb5 27. Nxb5 Rac8 28. Rc6 Nf6 29. Nxd6 Rxc6 30. dxc6 f4
31. Rc1 Nge8 32. Nhf5 Qe6 33. c7 Nxd6 34. Qxd6 Qxf5 35. Qxf8+
1-0

[Event "Chess Olympiad (Women)"]
[Site "Istanbul TUR"]
[Date "2012.08.28"]
[EventDate "?"]
[Round "1.5"]
[Result "1-0"]
[White "Anna Zatonskih"]
[Black "Helen Milligan"]
[WhiteElo "2512"]
[BlackElo "1987"]
[PlyCount "45"]

1. d4 Nf6 2. c4 g6 3. Nf3 Bg7 4. g3 d6 5. Bg2 O-O 6. O-O Nbd7
7. Nc3 e5 8. e4 a6 9. Qc2 Rb8 10. Rd1 exd4 11. Nxd4 Qe7 12. h3
c5 13. Nde2 b5 14. cxb5 axb5 15. Bf4 Ne5 16. Bg5 b4 17. Nd5
Qd8 18. f4 Ned7 19. e5 dxe5 20. fxe5 Nxd5 21. Bxd8 Ne3 22. Qd2
Nxd1 23. Bc7 1-0

[Event "Chess Olympiad (Women)"]
[Site "Istanbul TUR"]
[Date "2012.08.30"]
[EventDate "2012.08.28"]
[Round "3.08"]
[Result "1-0"]
[White "Anna Zatonskih"]
[Black "Nafisa Muminova"]
[WhiteElo "2512"]
[BlackElo "2329"]
[PlyCount "131"]

1. e4 e5 2. Nf3 Nc6 3. Bb5 a6 4. Ba4 Nge7 5. Bb3 Ng6 6. d4
exd4 7. Nxd4 Qf6 8. Nf3 h6 9. O-O d6 10. Nc3 Be6 11. Nd5 Bxd5
12. Bxd5 Be7 13. Be3 Nf4 14. Bb3 O-O-O 15. c3 g5 16. Nd4 Ne5
17. Kh1 Qg6 18. f3 h5 19. Qd2 Rdg8 20. Nf5 Bd8 21. Rad1 h4
22. Bxf4 gxf4 23. h3 Rh5 24. Rf2 Bg5 25. a4 Rhh8 26. Ba2 Rd8
27. Qc2 Rhg8 28. b4 Rd7 29. a5 Kb8 30. c4 Bd8 31. b5 c5
32. Qc3 Qf6 33. bxa6 Ng4 34. Qc2 Nxf2+ 35. Qxf2 bxa6 36. Bb3
Rg6 37. Qd2 Rb7 38. Bc2 Bc7 39. Qxf4 Qb2 40. Qd2 Bxa5 41. Qxa5
Qxc2 42. Rg1 Ka7 43. Qd8 Rb1 44. Qc7+ Rb7 45. Qd8 Rb1 46. Qe7+
Rb7 47. Qxh4 Qxc4 48. Ne7 Re6 49. Nc6+ Kb6 50. Nd8 Qb3
51. Nxe6 fxe6 52. Qd8+ Kc6 53. e5 dxe5 54. Rd1 Kb5 55. Rc1 Qb2
56. Qd3+ Kc6 57. Qxa6+ Qb6 58. Qa4+ Kd6 59. Rd1+ Ke7 60. Qh4+
Ke8 61. Qh8+ Ke7 62. Qxe5 Qc7 63. Qg5+ Ke8 64. Rc1 c4 65. Qg4
Qe5 66. Qxc4 1-0

[Event "Chess Olympiad (Women)"]
[Site "Istanbul TUR"]
[Date "2012.08.31"]
[EventDate "2012.08.28"]
[Round "4.7"]
[Result "1/2-1/2"]
[White "Anna Zatonskih"]
[Black "Anna Muzychuk"]
[WhiteElo "2512"]
[BlackElo "2606"]
[PlyCount "61"]

1. d4 d5 2. c4 c6 3. cxd5 cxd5 4. Bf4 Nc6 5. Nc3 Bf5 6. e3 e6
7. Nf3 Bd6 8. Bxd6 Qxd6 9. Bd3 Nge7 10. O-O O-O 11. Rc1 Rfc8
12. Bxf5 Nxf5 13. Qe2 h6 14. Rfd1 Qb4 15. Ne1 Qe7 16. Nd3 Nb4
17. Nxb4 Qxb4 18. Qb5 Qxb5 19. Nxb5 a6 20. Nc3 Rc4 21. b3 Rc6
22. Ne2 Rac8 23. Rxc6 Rxc6 24. Rc1 Ne7 25. Kf1 Kf8 26. Ke1 Ke8
27. Kd2 Kd7 28. Rxc6 Nxc6 29. Nf4 Kd6 30. Nd3 b6 31. Kc3
1/2-1/2

[Event "Chess Olympiad (Women)"]
[Site "Istanbul TUR"]
[Date "2012.09.03"]
[EventDate "2012.08.28"]
[Round "6.15"]
[Result "0-1"]
[White "Natalia Khoudgarian"]
[Black "Anna Zatonskih"]
[WhiteElo "2158"]
[BlackElo "2512"]
[PlyCount "70"]

1. e4 e6 2. d4 d5 3. Nd2 c5 4. exd5 exd5 5. Ngf3 Nc6 6. Bb5
cxd4 7. Nb3 Bd6 8. O-O Ne7 9. Nbxd4 O-O 10. Bg5 Qc7 11. Bxe7
Bxe7 12. Re1 Bf6 13. c3 Bg4 14. Qd3 Rfd8 15. Re3 a6 16. Bxc6
bxc6 17. Rae1 c5 18. Nf5 Bxf5 19. Qxf5 d4 20. cxd4 cxd4
21. Re4 d3 22. Ng5 Bxg5 23. Qxg5 h6 24. Qd2 Rac8 25. Rd1 Qd6
26. g3 Rc2 27. Qe3 Kh7 28. Re8 Rxe8 29. Qxe8 Qd5 30. Qe3 d2
31. Kf1 Rxb2 32. a3 Rb8 33. Rxd2 Rb1+ 34. Ke2 Qh5+ 35. Qf3
Re1+ 0-1

[Event "Chess Olympiad (Women)"]
[Site "Istanbul TUR"]
[Date "2012.09.05"]
[EventDate "2012.08.28"]
[Round "8.7"]
[Result "0-1"]
[White "Catherine Perena"]
[Black "Anna Zatonskih"]
[WhiteElo "2091"]
[BlackElo "2512"]
[PlyCount "130"]

1. d4 Nf6 2. c4 e6 3. Nc3 d5 4. e3 b6 5. cxd5 exd5 6. Bd3 Bd6
7. Nf3 O-O 8. Ne5 Bb7 9. O-O c5 10. f4 Nc6 11. Ne2 Ne4 12. Bd2
Qe7 13. Be1 f6 14. Nf3 Kh8 15. Rc1 Rfe8 16. Kh1 Qf7 17. Nd2
Nxd2 18. Bxd2 c4 19. Bb1 b5 20. Qe1 a5 21. Qh4 g6 22. Rf3 b4
23. g4 Ba6 24. Ng3 Rac8 25. Be1 Rc7 26. Bf2 Na7 27. e4 dxe4
28. Nxe4 Be7 29. d5 f5 30. Bd4+ Kg8 31. Ng5 Bxg5 32. Qxg5 Bb7
33. Kg1 fxg4 34. f5 gxf3 35. fxg6 f2+ 36. Kf1 Re1+ 37. Rxe1
fxe1=Q+ 38. Kxe1 Qe7+ 39. Qxe7 Rxe7+ 40. Kd2 Nb5 41. gxh7+
Rxh7 42. Bxh7+ Kxh7 43. Bb6 a4 44. Bc5 b3 45. axb3 axb3 46. d6
Bc6 47. Bb4 Kg6 48. Bc5 Kf5 49. Kc1 Kg4 50. Bf2 Nxd6 51. Bg3
Nf5 52. Be5 Be4 53. Kd2 Bd3 54. Bf6 Kh3 55. Be5 Nh6 56. Bh8
Kxh2 57. Bg7 Ng4 58. Bd4 Kg2 59. Ke1 Kf3 60. Kd2 Nf2 61. Kc3
Ke2 62. Bg7 Nd1+ 63. Kb4 Kd2 64. Bd4 Kc2 65. Ka3 c3 0-1

[Event "Chess Olympiad (Women)"]
[Site "Istanbul TUR"]
[Date "2012.09.06"]
[EventDate "2012.08.28"]
[Round "9.4"]
[Result "0-1"]
[White "Anna Zatonskih"]
[Black "Kateryna Lahno"]
[WhiteElo "2512"]
[BlackElo "2542"]
[PlyCount "94"]

1. d4 Nf6 2. c4 g6 3. Nc3 d5 4. cxd5 Nxd5 5. g3 Bg7 6. Bg2
Nxc3 7. bxc3 c5 8. e3 Qa5 9. Bd2 O-O 10. Ne2 Qa6 11. O-O e5
12. Re1 Nc6 13. dxc5 Rd8 14. Nc1 Be6 15. Qc2 Rd7 16. e4 Na5
17. Nb3 Nc4 18. Bc1 Rc8 19. Rd1 Rxd1+ 20. Qxd1 Qa4 21. Bf1 h6
22. Bd3 Bf8 23. Qe2 a6 24. Rb1 Rc7 25. Kg2 Na5 26. Be3 Nxb3
27. axb3 Bxb3 28. Qb2 Be6 29. f3 Bxc5 30. Bxh6 Qc6 31. Qe2 Rd7
32. Bc4 Kh7 33. Bxe6 Qxe6 34. Bc1 b5 35. h4 Rd6 36. g4 Qd7
37. Bg5 f6 38. Be3 Rd3 39. Bc1 Rxc3 40. Qa2 Kg7 41. Qxa6 Rxc1
42. Rxc1 Qd2+ 43. Kh3 Qxc1 44. Qxb5 Bf2 45. Qd7+ Kh6 46. g5+
fxg5 47. hxg5+ Qxg5 0-1

[Event "Chess Olympiad (Women)"]
[Site "Istanbul TUR"]
[Date "2012.09.07"]
[EventDate "2012.08.28"]
[Round "10.8"]
[Result "1-0"]
[White "Batkhuyag Munguntuul"]
[Black "Anna Zatonskih"]
[WhiteElo "2434"]
[BlackElo "2512"]
[PlyCount "161"]

1. d4 Nf6 2. Nf3 e6 3. Bf4 c5 4. e3 b6 5. c3 Bb7 6. Bd3 Be7
7. h3 O-O 8. Nbd2 cxd4 9. exd4 Ba6 10. Qe2 Bxd3 11. Qxd3 Nc6
12. O-O d5 13. Ne5 Qc8 14. Rae1 Qb7 15. Bg5 Nd7 16. Nxd7 Qxd7
17. Bxe7 Nxe7 18. Nf3 Nf5 19. Re2 f6 20. Rfe1 Rae8 21. Nd2 Nd6
22. Qf3 Rf7 23. Nb3 Rfe7 24. Nc1 Nf7 25. Nd3 e5 26. dxe5 fxe5
27. Nb4 e4 28. Qe3 a5 29. Nc2 Ne5 30. Nd4 Rf8 31. Rd1 Ref7
32. Qg5 Nd3 33. f3 Nf4 34. Re3 Rf6 35. Qg4 Qf7 36. Rd2 Rg6
37. Qh4 Rh6 38. Qe1 Qg6 39. Kh2 Nd3 40. Qg3 Qxg3+ 41. Kxg3
Rg6+ 42. Kh2 Ne5 43. b3 exf3 44. gxf3 Nf7 45. Nf5 Kh8 46. Rxd5
h6 47. Nd4 Rf6 48. Rf5 Rxf5 49. Nxf5 Rd8 50. Nd4 Ng5 51. h4
Nh7 52. Re6 Nf6 53. Kg3 Kh7 54. a4 Rd7 55. Rxb6 Nd5 56. Ra6
Nxc3 57. Ne6 Re7 58. h5 Kg8 59. Ra8+ Kf7 60. Nd8+ Kf6 61. Ra6+
Kf5 62. Rxa5+ Kf6 63. Rc5 Ne2+ 64. Kg4 Rd7 65. Rf5+ Ke7
66. Re5+ Kxd8 67. Rxe2 Rd1 68. Re5 Rg1+ 69. Kf5 Kd7 70. f4 Kc6
71. b4 Rg2 72. a5 Rh2 73. b5+ Kd6 74. Kg6 Rg2+ 75. Kf7 Rf2
76. Rf5 Rg2 77. a6 Kc7 78. a7 Kb7 79. b6 Rb2 80. Ra5 Ka8
81. Ra6 1-0

[Event "Chess Olympiad (Women)"]
[Site "Istanbul TUR"]
[Date "2012.09.09"]
[EventDate "2012.08.28"]
[Round "11.9"]
[Result "1-0"]
[White "Anna Zatonskih"]
[Black "Maya Porat"]
[WhiteElo "2512"]
[BlackElo "2295"]
[PlyCount "201"]

1. e4 c5 2. Nf3 e6 3. d4 cxd4 4. Nxd4 Nf6 5. Nc3 Nc6 6. Ndb5
Bb4 7. a3 Bxc3+ 8. Nxc3 d5 9. exd5 exd5 10. Bd3 O-O 11. O-O d4
12. Ne2 Bg4 13. Bg5 h6 14. Bh4 Bxe2 15. Bxe2 g5 16. Bg3 Ne4
17. Bd3 f5 18. Re1 Re8 19. c3 Qd5 20. Bxe4 Rxe4 21. Rxe4 fxe4
22. cxd4 Rd8 23. Qh5 Kg7 24. h4 Nxd4 25. Re1 Rf8 26. Qg4 Re8
27. Qh5 Qf7 28. Qd1 Nf5 29. hxg5 hxg5 30. Qg4 Qg6 31. Rxe4
Nxg3 32. Qd7+ Kf8 33. Rxe8+ Qxe8 34. Qd6+ Qe7 35. Qxg3 Kf7
36. Qf3+ Kg6 37. Qd3+ Kh6 38. g3 Qe5 39. b4 a6 40. Kg2 Qe6
41. Qf3 b5 42. Qe3 Qc6+ 43. Kf1 Kg6 44. Ke1 Qd6 45. Ke2 Qc6
46. Kd2 Qf6 47. Kd3 Kh5 48. f4 Qg6+ 49. Kd2 gxf4 50. Qxf4 Qe6
51. Qf3+ Kg6 52. Qd3+ Kf6 53. Qe3 Qa2+ 54. Ke1 Qb1+ 55. Kf2
Qc2+ 56. Qe2 Qc8 57. Qf3+ Kg6 58. Qe4+ Kf6 59. Ke2 Kg5
60. Qf4+ Kg6 61. Kd3 Qd7+ 62. Qd4 Qc8 63. Qd5 Kg7 64. Kd4 Kg6
65. Qd6+ Kf7 66. Qf4+ Kg6 67. Kd5 Qb7+ 68. Kc5 Kg7 69. g4 Qe7+
70. Kb6 Qe6+ 71. Ka5 Qc6 72. Qe5+ Kf7 73. g5 Kg8 74. Qf6 Qc1
75. Qe6+ Kg7 76. Qe5+ Kg8 77. Qd5+ Kg7 78. Kxa6 Qxa3+ 79. Kxb5
Qa7 80. Qe5+ Kg8 81. Qe6+ Kg7 82. Qc6 Kg8 83. g6 Kg7 84. Qb6
Qa8 85. Qc7+ Kh6 86. g7 Kh7 87. Kb6 Kg8 88. b5 Qa2 89. Qe7
Qf2+ 90. Ka6 Qa2+ 91. Kb7 Qg2+ 92. Kb8 Qg3+ 93. Qc7 Qg5 94. b6
Qa5 95. b7 Qb5 96. Qd8+ Kxg7 97. Kc8 Qa6 98. Qd5 Kf6 99. Kc7
Qa7 100. Qd6+ Kf7 101. Qb6 1-0

[Event "FIDE Knock-out Women's World Championship"]
[Site "Khanty-Mansiysk RUS"]
[Date "2012.11.11"]
[EventDate "2012.11.11"]
[Round "1.1"]
[Result "1/2-1/2"]
[White "Carolina Lujan"]
[Black "Anna Zatonskih"]
[WhiteElo "2369"]
[BlackElo "2489"]
[PlyCount "28"]

1. e4 e6 2. Nf3 d5 3. Nc3 dxe4 4. Nxe4 Nd7 5. d4 Ngf6 6. Bd3
Nxe4 7. Bxe4 Nf6 8. Bd3 c5 9. O-O cxd4 10. Nxd4 Be7 11. b3 O-O
12. Bb2 Qa5 13. c4 e5 14. Qe2 Bg4 1/2-1/2

[Event "FIDE Knock-out Women's World Championship"]
[Site "Khanty-Mansiysk RUS"]
[Date "2012.11.16"]
[EventDate "2012.11.11"]
[Round "2.4"]
[Result "1/2-1/2"]
[White "Anna Zatonskih"]
[Black "Ju Wenjun"]
[WhiteElo "2489"]
[BlackElo "2501"]
[PlyCount "175"]

1. d4 Nf6 2. c4 g6 3. Nc3 Bg7 4. g3 O-O 5. Bg2 d6 6. Nf3 Nbd7
7. O-O e5 8. e4 a6 9. Re1 exd4 10. Nxd4 Ne5 11. Qe2 c5 12. Nc2
Re8 13. h3 Bd7 14. Rd1 Qc7 15. f4 Nc6 16. Be3 Rad8 17. Kh2 Qb8
18. Rab1 Nb4 19. Qd2 Bc6 20. Nxb4 cxb4 21. Nd5 Nxe4 22. Qd3
Bxd5 23. Qxd5 Nf6 24. Qd2 b5 25. cxb5 Qxb5 26. Qd3 Qxd3
27. Rxd3 Ne4 28. a3 Nc5 29. Bxc5 dxc5 30. Rxd8 Rxd8 31. axb4
cxb4 32. b3 Bc3 33. g4 a5 34. Bf3 Rd4 35. Kg3 Bd2 36. f5 gxf5
37. gxf5 Kg7 38. Rd1 Kf6 39. Kf2 Kxf5 40. Ke2 Bc3 41. Rxd4
Bxd4 42. Bd5 f6 43. Kf3 h6 44. Bc6 Bb6 45. Bb5 Ke5 46. Be8 f5
47. Ba4 f4 48. Bb5 Be3 49. Ba4 Kd4 50. Be8 Kc3 51. Ba4 Kc2
52. Ke2 Kc3 53. Kf3 Kd2 54. Bd7 Ke1 55. Bb5 Bc1 56. Kg2 Bb2
57. Kf3 Be5 58. Kg2 Bd6 59. Kf3 Kd2 60. Bc6 Bc7 61. Bd7 Kc3
62. Ba4 Kd4 63. Bd7 Ke5 64. Ba4 Kf5 65. Bb5 Kg5 66. Bd7 Kh4
67. Kg2 Bd6 68. Bc6 Bc7 69. Bd7 Bd6 70. Bc6 Be5 71. Bd7 Bd6
72. Bc6 Bc5 73. Bd7 Kg5 74. Kf3 Be3 75. Bc6 Bd2 76. Bd7 Kf6
77. Bc6 Ke5 78. Be8 Kd4 79. Bd7 Be3 80. Be8 Kc3 81. Ba4 Kd2
82. Bb5 Ke1 83. Kg2 Bc5 84. Kf3 Bd6 85. Kg2 Bc7 86. Kf3 Bd6
87. Kg2 Bc7 88. Kf3 1/2-1/2

[Event "FIDE Knock-out Women's World Championship"]
[Site "Khanty-Mansiysk RUS"]
[Date "2012.11.16"]
[EventDate "2012.11.11"]
[Round "2.5"]
[Result "0-1"]
[White "Anna Zatonskih"]
[Black "Ju Wenjun"]
[WhiteElo "2489"]
[BlackElo "2501"]
[PlyCount "70"]

1. e4 c5 2. Nf3 d6 3. c3 Nf6 4. Be2 Bd7 5. Qc2 Bc6 6. d3 Nbd7
7. Nbd2 Rc8 8. O-O e6 9. d4 cxd4 10. Nxd4 Be7 11. Nxc6 Rxc6
12. Nb3 O-O 13. Be3 a6 14. Rad1 Rc8 15. f4 Qc7 16. Bf3 b5
17. Qf2 e5 18. g4 exf4 19. Bxf4 Ne5 20. g5 Nxf3+ 21. Qxf3 Nd7
22. Nd4 g6 23. Qg2 Ne5 24. Nc2 f6 25. Bxe5 dxe5 26. gxf6 Rxf6
27. Rxf6 Bxf6 28. Nb4 Rf8 29. Kh1 Qc4 30. a3 Bh4 31. Nd5 Rf2
32. Qg4 Qe2 33. Qe6+ Kg7 34. Qxe5+ Kh6 35. Ne3 Qxe3 0-1

[Event "FIDE Knock-out Women's World Championship"]
[Site "Khanty-Mansiysk RUS"]
[Date "2012.11.16"]
[EventDate "2012.11.11"]
[Round "2.6"]
[Result "1-0"]
[White "Ju Wenjun"]
[Black "Anna Zatonskih"]
[WhiteElo "2501"]
[BlackElo "2489"]
[PlyCount "69"]

1. d4 d6 2. Nf3 Bg4 3. e4 g6 4. Be2 Bg7 5. Nc3 c6 6. Be3 Nf6
7. a4 d5 8. e5 Nfd7 9. Ng5 Bxe2 10. Nxe2 e6 11. h4 c5 12. c3
Nc6 13. h5 cxd4 14. cxd4 Qb6 15. hxg6 hxg6 16. Rxh8+ Bxh8
17. b3 Bg7 18. Rc1 Bf8 19. Kf1 Be7 20. g3 Kf8 21. Kg2 Kg7
22. Qd3 Rh8 23. Nf3 a6 24. Bg5 Ba3 25. Rb1 Bb4 26. Qe3 Be7
27. Bxe7 Nxe7 28. Qg5 Kf8 29. g4 Nc6 30. Rc1 Kg7 31. Nf4 Nxd4
32. Nxd4 Qxd4 33. Nxe6+ fxe6 34. Qe7+ Kg8 35. Rc8+ 1-0

[Event "SportAccord World Mind Games (Women's Rapid)"]
[Site "Beijing CHN"]
[Date "2012.12.14"]
[EventDate "2012.12.14"]
[Round "1.2"]
[Result "0-1"]
[White "Anna Zatonskih"]
[Black "Yifan Hou"]
[WhiteElo "2489"]
[BlackElo "2606"]
[PlyCount "64"]

1. d4 Nf6 2. c4 e6 3. Nf3 c5 4. d5 exd5 5. cxd5 d6 6. Nc3 g6
7. Bf4 a6 8. a4 Bg7 9. h3 O-O 10. e3 Ne8 11. Be2 Nd7 12. O-O
Rb8 13. Nd2 Qe7 14. Qc2 b6 15. Rab1 Nc7 16. Rfd1 Ne5 17. b4
Bf5 18. e4 Bd7 19. bxc5 bxc5 20. Bg3 g5 21. Nc4 Nxc4 22. Bxc4
Be5 23. Bxe5 Qxe5 24. Ne2 a5 25. Rxb8 Rxb8 26. Rb1 Rb4
27. Rxb4 cxb4 28. Bb3 Na6 29. Ng3 Nc5 30. Qc4 Qc3 31. Qxc3
bxc3 32. Ne2 Nxb3 0-1

[Event "SportAccord World Mind Games (Women's Rapid)"]
[Site "Beijing CHN"]
[Date "2012.12.14"]
[EventDate "2012.12.14"]
[Round "2.6"]
[Result "1/2-1/2"]
[White "Monika (Bobrowska) Socko"]
[Black "Anna Zatonskih"]
[WhiteElo "2445"]
[BlackElo "2489"]
[PlyCount "98"]

1. d4 d5 2. c4 e6 3. Nc3 Be7 4. Bf4 Nf6 5. e3 O-O 6. cxd5 Nxd5
7. Nxd5 Qxd5 8. a3 c5 9. dxc5 Qxc5 10. Rc1 Qa5+ 11. Qd2 Qxd2+
12. Kxd2 Bf6 13. Rc2 e5 14. Bg3 Bf5 15. Rc3 e4 16. Rc2 Be6
17. Kc1 Nd7 18. Bb5 a6 19. Bxd7 Bxd7 20. Ne2 Rac8 21. Nd4 Ba4
22. Rc3 Rfd8 23. Kb1 Rxc3 24. bxc3 Be7 25. Kb2 Rc8 26. Rc1 g6
27. f3 exf3 28. gxf3 f6 29. e4 Kf7 30. f4 Bc5 31. e5 Bxd4
32. cxd4 Rxc1 33. Kxc1 Ke6 34. Kd2 f5 35. Kc3 Kd5 36. Bf2 Bd7
37. Kb4 b6 38. Kc3 a5 39. Bh4 b5 40. Bd8 b4+ 41. axb4 axb4+
42. Kxb4 Kxd4 43. Bg5 Kd5 44. Kc3 Ke6 45. Kd4 Ba4 46. Kc5 Be8
47. Bh6 Ba4 48. Bg5 Be8 49. Bh6 Ba4 1/2-1/2